<?xml version="1.0" encoding="UTF-8"?>
<record
    xmlns:xsi="http://www.w3.org/2001/XMLSchema-instance"
    xsi:schemaLocation="http://www.loc.gov/MARC21/slim http://www.loc.gov/standards/marcxml/schema/MARC21slim.xsd"
    xmlns="http://www.loc.gov/MARC21/slim">

  <leader>01085nam a22002891i 4500</leader>
  <controlfield tag="003">OSt</controlfield>
  <controlfield tag="005">20201026163828.0</controlfield>
  <controlfield tag="008">201020s2018    ii  |||g  ||| 000 f tam d</controlfield>
  <datafield tag="020" ind1=" " ind2=" ">
    <subfield code="c">RM 28.00</subfield>
    <subfield code="q">paperback</subfield>
    <subfield code="a">9789388126656</subfield>
  </datafield>
  <datafield tag="040" ind1=" " ind2=" ">
    <subfield code="a">PPAK</subfield>
    <subfield code="b">eng</subfield>
    <subfield code="c">PPAK</subfield>
    <subfield code="e">rda</subfield>
  </datafield>
  <datafield tag="082" ind1="0" ind2="4">
    <subfield code="2">23</subfield>
    <subfield code="a">894.8113</subfield>
  </datafield>
  <datafield tag="090" ind1="0" ind2="0">
    <subfield code="a">894.8113</subfield>
    <subfield code="b">SUK</subfield>
    <subfield code="d">K</subfield>
  </datafield>
  <datafield tag="100" ind1="1" ind2=" ">
    <subfield code="6">880-01</subfield>
    <subfield code="a">Sukumaran, P.V.,</subfield>
    <subfield code="e">author.</subfield>
  </datafield>
  <datafield tag="245" ind1="1" ind2="0">
    <subfield code="6">880-02</subfield>
    <subfield code="a">DIYA ( in Tamil) :</subfield>
    <subfield code="c">P.V. Sukumaran ; Translator Yuma Vasuki.</subfield>
    <subfield code="b">Malayalam Childrens Novel /</subfield>
  </datafield>
  <datafield tag="264" ind1=" " ind2="1">
    <subfield code="a">Chennai, India ;</subfield>
    <subfield code="b">Books For Childrens, </subfield>
    <subfield code="c">2018.</subfield>
  </datafield>
  <datafield tag="300" ind1=" " ind2=" ">
    <subfield code="a">110 pages :</subfield>
    <subfield code="c">22 cm.</subfield>
  </datafield>
  <datafield tag="336" ind1=" " ind2=" ">
    <subfield code="2">rdacontent</subfield>
    <subfield code="a">text</subfield>
  </datafield>
  <datafield tag="337" ind1=" " ind2=" ">
    <subfield code="2">rdamedia</subfield>
    <subfield code="a">unmediated</subfield>
  </datafield>
  <datafield tag="338" ind1=" " ind2=" ">
    <subfield code="2">rdacarrier</subfield>
    <subfield code="a">volume</subfield>
  </datafield>
  <datafield tag="500" ind1=" " ind2=" ">
    <subfield code="a">Novel.
</subfield>
  </datafield>
  <datafield tag="546" ind1=" " ind2=" ">
    <subfield code="a">In Tamil.</subfield>
  </datafield>
  <datafield tag="650" ind1="1" ind2="0">
    <subfield code="a">Children's stories, Tamil</subfield>
  </datafield>
  <datafield tag="700" ind1="1" ind2=" ">
    <subfield code="a">Vasuki, Yuma,</subfield>
    <subfield code="e">translator.</subfield>
  </datafield>
  <datafield tag="880" ind1="0" ind2=" ">
    <subfield code="6">100-01</subfield>
    <subfield code="a"> &#xBB5;&#xBA4;&#xBCD;&#xBB8;&#xBB2;&#xBBE;, &#xB86;&#xBB0;&#xBCD;</subfield>
  </datafield>
  <datafield tag="880" ind1="1" ind2="0">
    <subfield code="6">245-02</subfield>
    <subfield code="a">&#xBA4;&#xBBF;&#xBAF;&#xBBE; :</subfield>
    <subfield code="c">&#xBAA;&#xBBF;.&#xBB5;&#xBBF;. &#xB9A;&#xBC1;&#xB95;&#xBC1;&#xBAE;&#xBBE;&#xBB0;&#xBA9;&#xBCD; ; &#xBA4;&#xBAE;&#xBBF;&#xBB4;&#xBBF;&#xBB2;&#xBCD; : &#xBAF;&#xBC2;&#xBAE;&#xBBE; &#xBB5;&#xBBE;&#xB9A;&#xBC1;&#xB95;&#xBBF;</subfield>
    <subfield code="b">&#xBAE;&#xBB2;&#xBC8;&#xBAF;&#xBBE;&#xBB3; &#xB9A;&#xBBF;&#xBB1;&#xBBE;&#xBB0;&#xBCD; &#xBA8;&#xBBE;&#xBB5;&#xBB2;&#xBCD; /</subfield>
  </datafield>
  <datafield tag="942" ind1=" " ind2=" ">
    <subfield code="2">ddc</subfield>
    <subfield code="c">B</subfield>
  </datafield>
  <datafield tag="999" ind1=" " ind2=" ">
    <subfield code="c">179612</subfield>
    <subfield code="d">179612</subfield>
  </datafield>
  <datafield tag="952" ind1=" " ind2=" ">
    <subfield code="0">0</subfield>
    <subfield code="7">0</subfield>
    <subfield code="b">PPAK</subfield>
    <subfield code="c">K</subfield>
    <subfield code="d">2020-11-10</subfield>
    <subfield code="o">K 894.8113 SUK</subfield>
    <subfield code="p">A01660571</subfield>
    <subfield code="r">2021-02-22 00:00:00</subfield>
    <subfield code="y">B</subfield>
  </datafield>
  <datafield tag="952" ind1=" " ind2=" ">
    <subfield code="0">0</subfield>
    <subfield code="7">0</subfield>
    <subfield code="b">KM</subfield>
    <subfield code="c">K</subfield>
    <subfield code="d">2020-11-10</subfield>
    <subfield code="o">K 894.8113 SUK</subfield>
    <subfield code="p">A01660572</subfield>
    <subfield code="r">2020-11-10 00:00:00</subfield>
    <subfield code="y">B</subfield>
  </datafield>
</record>
